Исследование влияния защитного газа на течение плазмы электрической дуги и расплавленного металла; Иерархические материалы: разработка и приложения для новых технологий и надежных конструкций

Detalhes bibliográficos
Parent link:Иерархические материалы: разработка и приложения для новых технологий и надежных конструкций.— 2019.— [С. 232-233]
Autor Corporativo: Национальный исследовательский Томский политехнический университет Юргинский технологический институт
Outros Autores: Кузнецов М. А. Максим Александрович, Солодский С. А. Сергей Анатольевич, Крюков А. В. Артем Викторович, Крампит М. А. Максим Андреевич
Resumo:Заглавие с экрана
Режим доступа: по договору с организацией-держателем ресурса
Idioma:russo
Publicado em: 2019
Colecção:Проблемы компьютерного конструирования материалов с иерархической структурой
Assuntos:
Acesso em linha:https://elibrary.ru/item.asp?id=41207028
Formato: MixedMaterials Recurso Electrónico Capítulo de Livro
KOHA link:https://koha.lib.tpu.ru/cgi-bin/koha/opac-detail.pl?biblionumber=661059

MARC

LEADER 00000nla2a2200000 4500
001 661059
005 20240116134202.0
035 |a (RuTPU)RU\TPU\network\31282 
035 |a RU\TPU\network\31281 
090 |a 661059 
100 |a 20191119a2019 k y0rusy50 ca 
101 0 |a rus 
102 |a RU 
105 |a y z 100zy 
135 |a drcn ---uucaa 
181 0 |a i  
182 0 |a b 
200 1 |a Исследование влияния защитного газа на течение плазмы электрической дуги и расплавленного металла  |f М. А. Кузнецов [и др.] 
203 |a Текст  |c электронный 
225 1 |a Проблемы компьютерного конструирования материалов с иерархической структурой 
300 |a Заглавие с экрана 
320 |a [Библиогр.: с. 233 (5 назв.)] 
333 |a Режим доступа: по договору с организацией-держателем ресурса 
463 0 |0 (RuTPU)RU\TPU\network\31158  |t Иерархические материалы: разработка и приложения для новых технологий и надежных конструкций  |o международный междисциплинарный симпозиум, 1-5 октября 2019 г., Томск, Россия  |o тезисы докладов International Workshop "Multiscale Biomechanics and Tribology of Inorganic and Organic Systems"  |o тезисы докладов международной конференции "Перспективные материалы с иерархической структурой для новых технологий и надежных конструкций"  |o тезисы докладов международной конференции "Химия нефти и газа: добыча, подготовка, транспорт нефти и газа"  |f Российская академия наук (РАН), Сибирское отделение (СО), Институт физики прочности и материаловедения (ИФПМ) ; Институт химии нефти (ИХН)  |v [С. 232-233]  |d 2019 
610 1 |a электронный ресурс 
610 1 |a труды учёных ТПУ 
610 1 |a защитные газы 
610 1 |a течение 
610 1 |a плазма 
610 1 |a электрические дуги 
610 1 |a расплавленные металлы 
610 1 |a моделирование 
610 1 |a плазмотроны 
701 1 |a Кузнецов  |b М. А.  |c специалист в области сварочного производства  |c доцент Юргинского технологического института (филиала) Томского политехнического университета, кандидат технических наук  |f 1985-  |g Максим Александрович  |3 (RuTPU)RU\TPU\pers\29708  |9 14202 
701 1 |a Солодский  |b С. А.  |c специалист в области экологии и безопасности жизнедеятельности  |c доцент Юргинского технологического интитута (филиала) Томского политехнического университета, кандидат технических наук  |f 1980-  |g Сергей Анатольевич  |3 (RuTPU)RU\TPU\pers\24210  |9 10704 
701 1 |a Крюков  |b А. В.  |c специалист в области сварочного производства  |c доцент Юргинского технологического института (филиала) Томского политехнического университета, кандидат технических наук  |f 1979-  |g Артем Викторович  |3 (RuTPU)RU\TPU\pers\24492  |9 10815 
701 1 |a Крампит  |b М. А.  |c специалист в области сварочного производства  |c ассистент кафедры Юргинского технологического института Томского политехнического университета  |f 1990-  |g Максим Андреевич  |3 (RuTPU)RU\TPU\pers\32483  |9 16430 
712 0 2 |a Национальный исследовательский Томский политехнический университет  |b Юргинский технологический институт  |c (2009- )  |3 (RuTPU)RU\TPU\col\15903 
801 2 |a RU  |b 63413507  |c 20191126  |g RCR 
856 4 |u https://elibrary.ru/item.asp?id=41207028 
942 |c CF